Music Quiz

Random Music or Song Quiz
Score 0/60 Timer 02:00
0 Plays Today
Song Eminem (MNM)/Machine Gun Kelly (MGK) % Correct
Till I CollapseEminem/MNM
94.4%
Lose YourselfEminem/MNM
93.3%
BerzerkEminem/MNM
93.3%
Bad ThingsMachine Gun Kelly/MGK
93.3%
Shake ThatEminem/MNM
92.2%
My Name IsEminem/MNM
91.1%
KimEminem/MNM
91.1%
Rap GodEminem/MNM
91.1%
ForeverEminem/MNM
91.1%
Just Lose ItEminem/MNM
91.1%
StanEminem/MNM
91.1%
The MonsterEminem/MNM
91.1%
5:3666Machine Gun Kelly/MGK
91.1%
CandyMachine Gun Kelly/MGK
91.1%
Love The Way You LieEminem/MNM
90%
Space BoundEminem/MNM
90%
When I'm GoneEminem/MNM
90%
Without MeEminem/MNM
90%
Floor 13Machine Gun Kelly/MGK
90%
Wild BoyMachine Gun Kelly/MGK
90%
HabitsMachine Gun Kelly/MGK
90%
You Don't KnowEminem/MNM
88.9%
KillshotEminem/MNM
88.9%
Cleanin Out My ClosetEminem/MNM
88.9%
No LoveEminem/MNM
88.9%
Like Toy SoldiersEminem/MNM
88.9%
Breaking NewsMachine Gun Kelly/MGK
88.9%
The Way I AmEminem/MNM
87.8%
The Real Slim ShadyEminem/MNM
87.8%
SupermanEminem/MNM
87.8%
Song Eminem (MNM)/Machine Gun Kelly (MGK) % Correct
BeautifulEminem/MNM
87.8%
27Machine Gun Kelly/MGK
87.8%
Young ManMachine Gun Kelly/MGK
87.8%
Mind Of A StonerMachine Gun Kelly/MGK
87.8%
At My BestMachine Gun Kelly/MGK
87.8%
Alpha OmegaMachine Gun Kelly/MGK
87.8%
Not AfraidEminem/MNM
86.7%
Mocking BirdEminem/MNM
86.7%
Sing For The MomentEminem/MNM
86.7%
Lucky YouEminem/MNM
86.7%
Guilty ConscienceEminem/MNM
86.7%
VenomEminem/MNM
86.7%
Rap DevilMachine Gun Kelly/MGK
86.7%
I Think I'm OkayMachine Gun Kelly/MGK
86.7%
El DiabloMachine Gun Kelly/MGK
86.7%
Let You GoMachine Gun Kelly/MGK
86.7%
Waste LoveMachine Gun Kelly/MGK
85.6%
Raise The FlagMachine Gun Kelly/MGK
85.6%
LATELYMachine Gun Kelly/MGK
85.6%
Lead You OnMachine Gun Kelly/MGK
85.6%
The Break UpMachine Gun Kelly/MGK
84.4%
Till I DieMachine Gun Kelly/MGK
84.4%
LOCOMachine Gun Kelly/MGK
84.4%
Her SongMachine Gun Kelly/MGK
83.3%
HomeMachine Gun Kelly/MGK
83.3%
Trap ParisMachine Gun Kelly/MGK
82.2%
Death In My PocketMachine Gun Kelly/MGK
82.2%
Glass HouseMachine Gun Kelly/MGK
81.1%
Burning MemoriesMachine Gun Kelly/MGK
81.1%
SailMachine Gun Kelly/MGK
80%

You're not logged in!

Compare scores with friends on all Sporcle quizzes.
OR
Log In

Sporcle TV

Today on Sporcle TV


Watch our educational content, quiz creation guides, and fun videos on Sporcle TV.

Show Comments

Extras

Top Quizzes Today


Score Distribution

Paid Content

Your Account Isn't Verified!

In order to create a playlist on Sporcle, you need to verify the email address you used during registration. Go to your Sporcle Settings to finish the process.

Report this User

Report this user for behavior that violates our Community Guidelines.

Details: